000 00951nam a22002057a 4500
003 OSt
005 20250211174203.0
008 241005b |||||||| |||| 00| 0 eng d
040 _c0
100 _aAceron, Joshua Leocer B.
_eauthor.
_962353
245 _aAlumni tracer web application with descriptive analytics and notifications for external relations and alumni affairs office in university of Mindanao Digos College /
_cJoshua Leocer B. Aceron, Reinhard D. Angcan, Wendy Elaine May T. Ramos, and Cyvil Dave Dasargo.
260 _aPhilippines ;
_bUniversity of Mindanao,
_c2022.
300 _avolume 14, pages 495-524 ,
_billustration.
500 _aResearch Journal, v. 14, iss. 1, pages 495-524, 2022.
700 _aAceron, Joshua Leocer B.
_eauthor.
_962353
700 _aAngcan, Reinhard D.
_eauthor.
_964599
700 _aRamos, Wendy Elaine May T.
_eauthor.
_964600
700 _aDasargo, Cyvil Dave.
_eauthor.
_964601
942 _2ddc
_cPER
999 _c22254
_d22254